00822nam a2200181 a 450000100100000000500170001000800410002702000150006804000250008310000280010824502220013626000590035830000210041750000420043870000380048095201050051899900170062300004008820201002033918.0130806s1980 sp 000 0 spa d a8485437047 aDO-SdBNPbspacBNPHU1 aBerthelot, Sabin96635010aAntigüedades canarias :banotaciones sobre el origen de los pueblos que ocupan la isla afortunadas desde los primeros tiempos hasta la época de su conquista /cSabin Berthelot ; traducido por Helena García Cano. aSanta Cruz de Tenerife :bGoya Artes Gráfica,c1980. a166 p. ;c23 cm. aIncluye notas al pie de las páginas1 aGarcía Cano, Helenaetr.966351 001050718MOaPDbPDcCTd2013-08-06iLF1l0o p40088-10r2020-06-25w2020-06-25y1ZNo se presta c39578d39578